000 00491nam a2200205Ia 4500
003 OSt
005 20220916110951.0
006 a|||||r|||| 00| 0
007 ta
008 Pun
024 _a42,535
037 _cTextbook
040 _bPun
_aARTS
_cARTS
041 _aPun
082 _aO153,6NGAx, N0
245 0 _aਗਗਨ ਪਾਕਿਸਤਾਨੀ ਦੇ ਜਿਗਰ ਪਾਰੇ
260 _c1990
942 _hO153,6NGAx, N0
_cTB
_2CC
999 _c102447
_d102447